Industrial pollution and plants / (Record no. 136698)

MARC details
000 -LEADER
fixed length control field 00681nam a22002057a 4500
010 ## - LIBRARY OF CONGRESS CONTROL NUMBER
LC control number A-596996
035 ## - SYSTEM CONTROL NUMBER
System control number A-596996
037 ## - SOURCE OF ACQUISITION
Source of stock number/acquisition Cen Lib / Ret
040 ## - CATALOGING SOURCE
Original cataloging agency DPL
Language of cataloging EN
082 ## - DEWEY DECIMAL CLASSIFICATION NUMBER
Classification number 363.731
Item number IND
100 ## - MAIN ENTRY--PERSONAL NAME
Personal name Chadha, Ajanta
245 ## - TITLE STATEMENT
Title Industrial pollution and plants /
Statement of responsibility, etc by Ajanta Chadha [and] S. N. Pandey
260 ## - PUBLICATION, DISTRIBUTION, ETC. (IMPRINT)
Place of publication, distribution, etc New Delhi
Name of publisher, distributor, etc Ashish Publishing House
270 ## - ADDRESS
Address 8/81, Punjabi Bagh
City New Delhi
Postal code 110026
300 ## - PHYSICAL DESCRIPTION
Extent (v 1. 227 ; v 2. 316)
Other physical details 24cm(Hb)
650 ## - SUBJECT ADDED ENTRY--TOPICAL TERM
Topical term or geographic name as entry element Plants -- Effect of pollution on -- India.
650 ## - SUBJECT ADDED ENTRY--TOPICAL TERM
Topical term or geographic name as entry element Lemna paucicostata -- Effect of pollution on -- India.
700 ## - ADDED ENTRY--PERSONAL NAME
Personal name Pandey, S. N.
942 ## - ADDED ENTRY ELEMENTS (KOHA)
Source of classification or shelving scheme Dewey Decimal Classification
Koha item type English Books
Classification part 363.731
Call number suffix IND
Holdings
Withdrawn status Lost status Source of classification or shelving scheme Materials specified (bound volume or other part) Damaged status Not for loan Home library Current library Date acquired Source of acquisition Total Checkouts Full call number Barcode Date last seen Copy number Price effective from Koha item type
    Dewey Decimal Classification v 2     Central Library Central Library 08/03/2016 Cen Lib/Ret   363.731 IND A-596996 08/03/2016 1 08/03/2016 English Books
      v 1     Central Library Central Library 11/03/2016 Cen Lib/Ret   363.731 IND A-596995 11/03/2016 1 11/03/2016 English Books

© Delhi Public Library
Hit Counter
free hit counter